Svetlo

Bibliographic Details
Format: Journal
Language:Slovak
PhysicalDescription:12 zv. 23 cm
Published: Nové Mesto nad Váhom Ján Chorvát 1904-1915
Kochanovce
Edition:nová séria (druhá séria)
Subjects:

MARC

LEADER 00000cas a2200000 a 4500
001 vtls001321521
003 SK-MaSNL
005 20260228155709.0
008 200401d19041915xo mr p 0 0b0slo
035 |a SNK000274179 
040 |a SNK  |b slo  |c SNK  |e AACR2 
041 0 |a slo 
044 |a xo  |c SK 
072 7 |a 2  |x Náboženstvo  |2 konspekt 
072 7 |a 27-5  |x Kresťanské umenie a symbolika. Duchovný život  |2 konspekt 
080 |a 050  |2 2001 
080 |a 274/278  |2 2001 
080 |a 82-97  |2 2001 
080 |a 274.5  |2 2001 
245 0 0 |a Svetlo 
250 |a nová séria (druhá séria) 
260 |a Nové Mesto nad Váhom  |b Ján Chorvát  |c 1904-1915 
260 3 |3 10/1906-2/1915  |a Kochanovce  |b Ján Chorvát 
300 |a 12 zv.  |c 23 cm 
310 |a 1x mesačne 
362 0 |a [1904]-roč. XVI, č. 2 (1915) 
500 |a Od r. 1904 vychádzali dve série tohto časopisu s tými istými vydavateľskými údajmi ; názov dokumentu v tejto sérií je vytlačený v obrázku 
500 |a Tlač. Adolf Horovitz v Novom Meste nad Váhom, od č. 1/1907 Šimon Roháček v Modre, od r. 1914 Daniel Pažický na Myjave 
500 |a Vyd. a zodp. red.: 1900-1915, Ján Chorvát 
610 2 7 |a Evanjelická cirkev a.v.  |2 SNKKA  |9 32425 
650 0 7 |a náboženstvo  |2 SNKPH  |9 2023 
650 0 7 |a cirkevný život  |2 SNKPH  |9 75120 
655 7 |a náboženské časopisy  |2 SNKPH  |9 70790 
700 1 |a Chorvát, Ján,  |d 1869-1941  |4 lso  |4 pbl  |9 161464 
775 0 |t Svetlo : list spolkov Modrého kríža  |x 1337-2262  |w vtls001395808 
910 |a snk 
916 |a 1906-1915 
958 |a ONDV 
999 |c 238  |d 238 
952 |0 0  |1 0  |4 0  |7 0  |8 3  |a SNK  |b SNK  |d 1998-02-19  |f 1  |i snkK 2628/70  |l 0  |o snkČSC 172/A/7/1906  |p 17A0124893  |r 2005-01-02 00:00:00  |t č. 1-12, neúplné  |w 2026-02-21  |y PREZ  |z ch. 1, 3, 8 
952 |0 0  |1 0  |4 0  |7 0  |8 3  |a SNK  |b SNK  |d 1998-02-19  |f 1  |i snkK 763/81  |l 0  |o snkČSC 172/A/15/1914  |p 17A0124617  |r 2005-01-02 00:00:00  |t č. 1-12, neúplné  |w 2026-02-21  |y PREZ  |z ch. č. 6, 7, 12 
952 |0 0  |1 0  |4 0  |7 0  |8 3  |a SNK  |b SNK  |d 1998-02-19  |f 1  |i snkK 2629/70  |l 0  |o snkČSC 172/A/8/1907  |p 17A0124436  |r 2005-01-02 00:00:00  |t č. 1-12  |w 2026-02-21  |y PREZ 
952 |0 0  |1 0  |4 0  |7 0  |8 3  |a SNK  |b SNK  |d 1998-02-19  |f 1  |i snkK 2631/70  |l 0  |o snkČSC 172/A/10/1909  |p 17A0124610  |r 2005-01-02 00:00:00  |t č. 1-12  |w 2026-02-21  |y PREZ 
952 |0 0  |1 0  |4 0  |7 0  |8 3  |a SNK  |b SNK  |d 1998-02-19  |f 1  |i snkK 2630/70  |l 0  |o snkČSC 172/A/9/1908  |p 17A0124608  |r 2005-01-02 00:00:00  |t č. 1-12  |w 2026-02-21  |y PREZ 
952 |0 0  |1 0  |4 0  |7 0  |a SNK  |b SNK  |d 2014-12-12  |i snkK 760/81  |l 0  |o snkČSC 172/A/12/1911 D2  |p 17A0870865  |r 2026-02-21 21:00:59  |t č. 1-12, neúplné  |w 2026-02-21  |y PREZ  |z chýba č. 1, 3-4, 11 
952 |0 0  |1 0  |4 0  |7 0  |a SNK  |b SNK  |d 2013-08-12  |i snkK 2237/95  |l 0  |o snkČSC 172/A/11/1910 D1  |p 17A1022418  |r 2026-02-21 21:13:41  |t č. 1-12, neúplný  |w 2026-02-21  |y PREZ  |z ch. 1-3, 4-8, 10-12 
952 |0 0  |1 0  |4 0  |7 0  |8 3  |a SNK  |b SNK  |d 2020-01-28  |i snkK 2239/95  |l 0  |o snkČSC 172/A/15/1914 D1  |p 17A1347401  |r 2026-02-21 22:22:56  |t len č. 1  |w 2026-02-21  |y PREZ  |z len č. 1 
952 |0 0  |1 0  |4 0  |7 0  |8 3  |a SNK  |b SNK  |d 2020-02-11  |i snkK 2234/95  |l 0  |o snkČSC 172/A/7/1906 D1  |p 17A1315375  |r 2026-02-21 22:29:55  |t č. 11  |w 2026-02-21  |y PREZ  |z len č. 11 
952 |0 0  |1 0  |4 0  |7 0  |8 3  |a SNK  |b SNK  |d 2020-02-11  |i snkK 2235/95  |l 0  |o snkČSC 172/A/9/1908 D1  |p 17A1315335  |r 2026-02-21 22:29:56  |t č. 1-12, neúplný  |w 2026-02-21  |y PREZ  |z chýba č. 6, 10,11. 
952 |0 0  |1 0  |4 0  |7 0  |8 3  |a SNK  |b SNK  |d 2020-02-11  |i snkK 2236/95  |l 0  |o snkČSC 172/A/10/1909 D1  |p 17A1315336  |r 2026-02-21 22:29:56  |t č. 1-12, neúplný  |w 2026-02-21  |y PREZ  |z chýba č. 1-3, 6-8. 
952 |0 0  |1 0  |4 0  |7 0  |8 3  |a SNK  |b SNK  |d 2020-02-11  |i snkK 759/81  |l 0  |o snkČSC 172/A/8/1907 D1  |p 17A1315338  |r 2026-02-21 22:29:56  |t č. 1-12, neúplný  |w 2026-02-21  |y PREZ  |z chýba č. 6. 
952 |0 0  |1 0  |4 0  |7 0  |8 3  |a SNK  |b SNK  |d 2020-02-11  |i snkK 762/81  |l 0  |o snkČSC 172/A/13/1912 D1  |p 17A1315339  |r 2026-02-21 22:29:56  |t č. 1-12, neúpný  |w 2026-02-21  |y PREZ  |z chýba č. 3, 4 a 9. 
952 |0 0  |1 0  |4 0  |7 0  |8 3  |a SNK  |b SNK  |d 2020-02-11  |i snkK 2238/95  |l 0  |o snkČSC 172/A/14/1913 D1  |p 17A1315311  |r 2026-02-21 22:29:56  |t č. 1-12, neúplný  |w 2026-02-21  |y PREZ  |z chýba č. 5, 7-9.